000 00544nam a22001937a 4500
003 KOHA_MİRAKIL
005 20260330101404.0
008 260330b tu ||||| |||| 00| 0 tur d
020 _a9789750505454
040 _aTR-AnABB
_btur
_cTR-AnABB
041 _atur
082 _a121
_bBLO 2012
100 1 _aBloch, Ernst
245 1 0 _aumut ilkesi /
_cErnst Bloch ; Türkçesi : Tanıl Bora
260 _aİstanbul :
_bİletişim Yayınları ,
_c2007
300 _a840 sayfa ;
_c20 cm
650 0 4 _aPsikololoji
942 _2ddc
_cBK
999 _c10070
_d10070
900 _bCem ÖZOGLU